| 000 -LEADER |
| fixed length control field |
01470nam a2200217Ia 4500 |
| 003 - CONTROL NUMBER IDENTIFIER |
| control field |
OSt |
| 005 - DATE AND TIME OF LATEST TRANSACTION |
| control field |
20241028162030.0 |
| 007 - PHYSICAL DESCRIPTION FIXED FIELD--GENERAL INFORMATION |
| fixed length control field |
ca aa aaaaa |
| 008 - FIXED-LENGTH DATA ELEMENTS--GENERAL INFORMATION |
| fixed length control field |
201103s9999 xx 000 0 und d |
| 040 ## - CATALOGING SOURCE |
| Transcribing agency |
SSBUL |
| 041 ## - LANGUAGE CODE |
| Language code of text/sound track or separate title |
bur |
| 082 ## - DEWEY DECIMAL CLASSIFICATION NUMBER |
| Edition number |
23 |
| Classification number |
၂၉၄.၃၄၄၃ ဆေ |
| Item number |
၉၁၄၅ S-SAT |
| 100 0# - MAIN ENTRY--PERSONAL NAME |
| Personal name |
ဆေကိန္ဒ၊ အရှင်၊ ဓမ္မဒူတ |
| 9 (RLIN) |
17353 |
| 245 10 - TITLE STATEMENT |
| Title |
မကြောက်တော့ဘူးတရားတော်နှင့်မိဘနှစ်ပါးတိုး၏သိကောင်းစရာအကြောင်းအရာများ=Won't Be Afraid Any More / |
| Statement of responsibility, etc. |
အရှင်ဆေကိန္။ |
| 260 ## - PUBLICATION, DISTRIBUTION, ETC. |
| Place of publication, distribution, etc. |
[နေရာမပါ] ၊ |
| Name of publisher, distributor, etc. |
[ထုတ်ဝေသူမပါ]၊ |
| Date of publication, distribution, etc. |
[၂၀၀၇]။ |
| 300 ## - PHYSICAL DESCRIPTION |
| Extent |
၂၈၅ စာမျက်နှာ ၊ |
| Other physical details |
ဓါတ်ပုံများ(ကာလာ) ၊ |
| Dimensions |
၂၅ စင်တီ။ |
| 500 ## - GENERAL NOTE |
| General note |
၂၀၀၆ ခုနှစ်၊ ဖေဖော်ဝါရီလ(၂၁)ရက်နေ့တွင်စင်္ကာပူ၌ကွယ်လွန်သွားသောဒေါ်ချိန်ကင်း၏ဓမ္မဒါနအဖြစ်ထုတ်ဝေထားသည်။ မြန်မာ- အင်္ဂလိပ်နှစ်ဘာသာဖြင့်ရေးသားထားသည် |
|
| General note |
S-SAT: Dr. Sai Aung Tun |
| 650 ## - SUBJECT ADDED ENTRY--TOPICAL TERM |
| Topical term or geographic name entry element |
ဗုဒ္ဒတရားတော် |
| 9 (RLIN) |
14864 |
| 942 ## - ADDED ENTRY ELEMENTS (KOHA) |
| Source of classification or shelving scheme |
|
| Koha item type |
Book (Short term) |